[Event "THE YOUTH LEAGUE"]
[Site "SchemingMind.com"]
[Date "2005.04.30"]
[Round "-"]
[White "AdamMorris"]
[Black "asperse"]
[Result "1-0"]
[WhiteCountry "ENG"]
[BlackCountry "ENG"]
[WhiteElo "1361"]
[WhiteRD "83"]
[BlackElo "1250"]
[BlackRD "94"]
[GameID "14046"]

1. e4 e5 2. Nf3 Nc6 3. d4 f6 4. d5 Nb4 5. Bc4 c6 6. a3 Na6 7. O-O Bc5 8. Nh4 d6 9. Qh5+ Ke7 10. Nf5+ Kf8
11. dxc6 bxc6 12. Qf7#
1-0

[Event "THE YOUTH LEAGUE"]
[Site "SchemingMind.com"]
[Date "2005.04.30"]
[Round "-"]
[White "asperse"]
[Black "AdamMorris"]
[Result "0-1"]
[WhiteCountry "ENG"]
[BlackCountry "ENG"]
[WhiteElo "1313"]
[WhiteRD "75"]
[BlackElo "1348"]
[BlackRD "82"]
[GameID "14047"]

1. e4 c5 2. d4 Nc6 3. c3 cxd4 4. cxd4 e5 5. d5 Nce7 6. d6 Nc6 7. Be3 Nf6 8. f3 g6 9. Bb5 a6 10. Ba4 b5
11. Bb3 Qa5+ 12. Bd2 Qb6 13. Nc3 Bxd6 14. Nd5 Nxd5 15. Bxd5 Bb8 16. Qb3 Ba7 17. O-O-O Nd4 18. Qd3 Bb7 19. Bxb7 Qxb7 20. Bc3 Rc8
21. Ne2 Nxe2+ 22. Qxe2 b4 23. Rd3 Bd4 24. Qc2 bxc3 25. bxc3 Qc7 26. Kd2 O-O 27. Rc1 Bc5 28. Qb3 Qa7 29. g4 Be3+ 30. Rxe3 Rb8
31. Qc4 Rb2+ 32. Kd3 Qb6 33. Rc2 Qd6+ 34. Qd5 Qxd5+ 35. exd5 Rxc2 36. Kxc2 d6 37. Re4 Rb8 38. f4 exf4 39. Rxf4 Rb5 40. c4 Rc5
41. h4 Kg7 42. Kb3 Rc7 43. a4 a5 44. Kc3 Kh6 45. Kd4 g5 46. hxg5+ Kxg5 47. Re4 h6 48. Ke3 f5= 49. gxf5 Kxf5 50. Rf4+ Kg5
51. Re4 h5 52. Kf3 Rh7 53. Re6 Rd7 54. Ke4 Kg4 55. Rg6+ Kh3 56. Kf4 Rf7+ 57. Kg5 h4 58. Rxd6 Kg3 59. Rf6 Rxf6 60. Kxf6 h3
61. d6 h2 62. d7 h1=Q 63. d8=Q Qh4+ 64. Ke6 Qxd8 65. c5 Qe8+ 66. Kd5 Qxa4 67. c6 Qc2 68. Kd6 a4 69. c7 a3 70. Kd7 a2
71. c8=Q Qxc8+ 72. Kxc8 a1=Q
0-1

[Event "THE YOUTH LEAGUE"]
[Site "SchemingMind.com"]
[Date "2005.04.30"]
[Round "-"]
[White "Ashmaster"]
[Black "AdamMorris"]
[Result "1-0"]
[WhiteCountry "IRL"]
[BlackCountry "ENG"]
[WhiteElo "1345"]
[WhiteRD "76"]
[BlackElo "1361"]
[BlackRD "83"]
[GameID "14050"]

1. d4 d5 2. c4 e6 3. e3 b6 4. Nc3 Bb7 5. Qc2 Bb4 6. Nf3 dxc4 7. Bxc4 Bxf3 8. gxf3 Nd7 9. Bd2 Qf6 10. Be2 Ne7
11. O-O-O a5 12. Ne4 Bxd2+ 13. Rxd2 Qh4 14. Qxc7 f5 15. Nd6+ Kf8 16. Qxd7 Qxf2 17. Qxe6 Rc8+ 18. Kd1 Rc6= 19. Qf7#
1-0

[Event "THE YOUTH LEAGUE"]
[Site "SchemingMind.com"]
[Date "2005.04.30"]
[Round "-"]
[White "Ashmaster"]
[Black "asperse"]
[Result "1-0"]
[WhiteCountry "IRL"]
[BlackCountry "ENG"]
[WhiteElo "1345"]
[WhiteRD "76"]
[BlackElo "1250"]
[BlackRD "94"]
[GameID "14051"]

1. d4 c5 2. Nf3 cxd4 3. Nxd4 e5 4. Nb3 Nc6 5. Nc3 Bb4 6. Bd2 Nf6 7. e4 d5 8. f3 O-O 9. a3 Nd4 10. axb4 Be6
11. Be3 Nxb3 12. cxb3 dxe4 13. Qxd8 Rfxd8 14. Bc4 Bxc4 15. bxc4 Rd3 16. Bg5 exf3 17. Bxf6 gxf6 18. gxf3 Rxf3 19. Rf1 Rh3 20. Rxf6 Rxh2
21. O-O-O Kg7 22. Nd5 Rd8 23. Rg1+ Kh8 24. Ne7 Rdd2 25. Rg8#
1-0

[Event "THE YOUTH LEAGUE"]
[Site "SchemingMind.com"]
[Date "2005.04.30"]
[Round "-"]
[White "AdamMorris"]
[Black "Ashmaster"]
[Result "1-0"]
[WhiteCountry "ENG"]
[BlackCountry "IRL"]
[WhiteElo "1361"]
[WhiteRD "83"]
[BlackElo "1345"]
[BlackRD "76"]
[GameID "14052"]

1. d4 Nf6 2. Nc3 e6 3. Bg5 Be7 4. Nf3 h6 5. Bh4 d5 6. b3 b6 7. e3 Bb7 8. Ne5 Nbd7 9. Bb5 a6 10. Bxf6 axb5
11. Bxg7 Rg8 12. Nxd7 Qxd7 13. Bxh6 Rxg2 14. Qf3 Rg6 15. Qh5 Bb4 16. O-O-O Bxc3 17. Bg5 Rxa2 18. Qh8+
1-0

[Event "THE YOUTH LEAGUE"]
[Site "SchemingMind.com"]
[Date "2005.04.30"]
[Round "-"]
[White "asperse"]
[Black "Ashmaster"]
[Result "0-1"]
[WhiteCountry "ENG"]
[BlackCountry "IRL"]
[WhiteElo "1250"]
[WhiteRD "94"]
[BlackElo "1345"]
[BlackRD "76"]
[GameID "14053"]

1. c4 e5 2. e4 d6 3. Nf3 Nc6 4. d4 exd4 5. Nxd4 Nxd4 6. Qxd4 Qf6 7. Qe3 Be7 8. Be2 Nh6 9. O-O Qe5 10. Na3 Ng4
11. Qf3 Qxh2#
0-1

[Event "THE YOUTH LEAGUE"]
[Site "SchemingMind.com"]
[Date "2005.05.03"]
[Round "-"]
[White "frankdizzle"]
[Black "AdamMorris"]
[Result "0-1"]
[WhiteCountry "USA"]
[BlackCountry "ENG"]
[WhiteElo "1179"]
[WhiteRD "136"]
[BlackElo "1361"]
[BlackRD "83"]
[GameID "14287"]

1. d4 d5 2. e3 c5 3. Bb5+ Bd7 4. Be2 Nc6 5. h4 e6 6. Nf3 Nf6 7. Rh3 e5 8. a4 Bxh3 9. gxh3 e4 10. Ng5 Nd7
11. Bh5 g6 12. Be2 h6 13. Ne6 fxe6 14. Bg4 Qf6 15. Bh5 cxd4 16. Bg4 Bb4+ 17. c3 dxc3 18. bxc3 Rf8 19. Ra2 Bxc3+ 20. Bd2 Qxf2#
0-1

[Event "THE YOUTH LEAGUE"]
[Site "SchemingMind.com"]
[Date "2005.05.03"]
[Round "-"]
[White "frankdizzle"]
[Black "Ashmaster"]
[Result "0-1"]
[WhiteCountry "USA"]
[BlackCountry "IRL"]
[WhiteElo "1117"]
[WhiteRD "121"]
[BlackElo "1432"]
[BlackRD "65"]
[GameID "14288"]

1. d4 f5 2. e4 fxe4 3. Qh5+ g6 4. Qe5 Nf6 5. Nc3 Nc6 6. Qb5 a6 7. Qc4 d5 8. Nxd5 Nxd5 9. Qe2 Nxd4 10. Qxe4 Nb4
11. Nh3 Ndxc2+ 12. Ke2 Nxa1 13. Qxb4 Bxh3 14. gxh3 e5
0-1

[Event "THE YOUTH LEAGUE"]
[Site "SchemingMind.com"]
[Date "2005.05.04"]
[Round "-"]
[White "frankdizzle"]
[Black "asperse"]
[Result "0-1"]
[WhiteCountry "USA"]
[BlackCountry "ENG"]
[WhiteElo "1179"]
[WhiteRD "136"]
[BlackElo "1250"]
[BlackRD "94"]
[GameID "14289"]

1. a4 d5 2. Ra3 e5 3. Re3 Bd6 4. d4 f6 5. Nc3 Bb4 6. Nf3 Ne7 7. Nxe5 fxe5 8. Rxe5 O-O 9. e4 dxe4 10. Rxe4 Nd5
11. Bc4 c6 12. Bxd5+ cxd5 13. Rg4 Qf6 14. Bg5 Qxf2#
0-1

[Event "THE YOUTH LEAGUE"]
[Site "SchemingMind.com"]
[Date "2005.05.02"]
[Round "-"]
[White "Ashmaster"]
[Black "frankdizzle"]
[Result "1-0"]
[WhiteCountry "IRL"]
[BlackCountry "USA"]
[WhiteElo "1432"]
[WhiteRD "65"]
[BlackElo "1117"]
[BlackRD "121"]
[GameID "14291"]

1. c4 c5 2. Nc3 Nf6 3. Nf3 h5 4. d4 cxd4 5. Nxd4 Rh6 6. Bxh6 gxh6 7. e4 h4 8. g3 Na6 9. gxh4 b6 10. Qa4 Rb8
11. b4 h5 12. b5 e5 13. Nde2 Bb7 14. bxa6 Bc6 15. Qb3 Nxe4 16. Nxe4
1-0

[Event "THE YOUTH LEAGUE"]
[Site "SchemingMind.com"]
[Date "2005.05.04"]
[Round "-"]
[White "Kigdalegend"]
[Black "AdamMorris"]
[Result "0-1"]
[WhiteCountry "GBR"]
[BlackCountry "ENG"]
[WhiteElo "1197"]
[WhiteRD "173"]
[BlackElo "1361"]
[BlackRD "83"]
[GameID "14437"]

1. g3 d5 2. b3 Nc6 3. d4 Bf5 4. Nc3 g6 5. Ba3 Bg7 6. e3 Nh6 7. b4 O-O 8. Bb5 Qd6 9. f3 a6 10. Ba4 b5
11. Bb3 e5 12. g4 Bd7 13. Nh3 Rfe8 14. Ng5 exd4 15. Nxd5 dxe3 16. Ne4 Rxe4 17. fxe4 Bc3+ 18. Ke2 Bxg4+ 19. Kd3 Bxd1 20. Kxc3 Qe5+
21. Kd3 Qd4#
0-1

[Event "THE YOUTH LEAGUE"]
[Site "SchemingMind.com"]
[Date "2005.05.04"]
[Round "-"]
[White "Kigdalegend"]
[Black "frankdizzle"]
[Result "1-0"]
[WhiteCountry "GBR"]
[BlackCountry "USA"]
[WhiteElo "1197"]
[WhiteRD "173"]
[BlackElo "1179"]
[BlackRD "136"]
[GameID "14438"]

1. e4 d5 2. Be2 c6 3. b3 e5 4. exd5 cxd5 5. Bb5+ Bd7 6. Bd3 h5 7. Qf3 Rh6 8. Qxd5 Qc8 9. a4 Nf6 10. Qxe5+ Be7
11. Ba3 Nc6 12. Qe3 Na5 13. Qxe7#
1-0

[Event "THE YOUTH LEAGUE"]
[Site "SchemingMind.com"]
[Date "2005.05.04"]
[Round "-"]
[White "Kigdalegend"]
[Black "Ashmaster"]
[Result "1-0"]
[WhiteCountry "GBR"]
[BlackCountry "IRL"]
[WhiteElo "1210"]
[WhiteRD "111"]
[BlackElo "1246"]
[BlackRD "69"]
[GameID "14439"]

1. e4 c5 2. Qf3 d6 3. d3 Nf6 4. Nh3 Bxh3 5. Qxh3 Qd7 6. Nc3 Qxh3 7. gxh3 e5 8. a4 Nc6 9. Nb5 O-O-O 10. Rg1 a6
11. Be2 axb5 12. axb5 Nd4 13. Ra8+ Kc7 14. Rxd8 Kxd8 15. Bd1 Nxb5 16. c4
1-0

[Event "THE YOUTH LEAGUE"]
[Site "SchemingMind.com"]
[Date "2005.05.04"]
[Round "-"]
[White "Kigdalegend"]
[Black "asperse"]
[Result "0-1"]
[WhiteCountry "GBR"]
[BlackCountry "ENG"]
[WhiteElo "1102"]
[WhiteRD "145"]
[BlackElo "1313"]
[BlackRD "75"]
[GameID "14440"]

1. g3 d6 2. e4 e5 3. Bc4 f5 4. Qh5+ g6 5. Qe2 fxe4 6. Qxe4 Nf6 7. Qf3 Qe7 8. Bb5+ c6 9. Bc4 d5 10. Be2 Bg4
11. Qe3 Bxe2 12. Qxe2 Qb4 13. Qxe5+ Be7 14. a3 Qa5 15. b3 Nbd7 16. h4 Nxe5 17. a4 O-O 18. Bb2 Bd6 19. Nc3 Nfg4 20. d4 Nf3+
21. Nxf3 Rxf3 22. Ke2 Rxf2+ 23. Ke1 Bxg3 24. Rg1 Rg2+ 25. Kf1 Ne3#
0-1

[Event "THE YOUTH LEAGUE"]
[Site "SchemingMind.com"]
[Date "2005.05.04"]
[Round "-"]
[White "AdamMorris"]
[Black "Kigdalegend"]
[Result "1-0"]
[WhiteCountry "ENG"]
[BlackCountry "GBR"]
[WhiteElo "1361"]
[WhiteRD "83"]
[BlackElo "1197"]
[BlackRD "173"]
[GameID "14441"]

1. d4 g6 2. Nc3 a5 3. a3 Ra6 4. e4 e6 5. Bxa6 bxa6 6. Nf3 Nc6 7. O-O Nh6 8. Qe1 Bd6 9. d5 Ne5 10. Nxe5 Bxe5
11. Bxh6 exd5 12. exd5 Bb7 13. Qxe5+ Qe7 14. Qxh8+ Qf8 15. Qxf8#
1-0

[Event "THE YOUTH LEAGUE"]
[Site "SchemingMind.com"]
[Date "2005.05.04"]
[Round "-"]
[White "frankdizzle"]
[Black "Kigdalegend"]
[Result "0-1"]
[WhiteCountry "USA"]
[BlackCountry "GBR"]
[WhiteElo "1052"]
[WhiteRD "122"]
[BlackElo "1210"]
[BlackRD "111"]
[GameID "14442"]

1. a4 g6 2. Ra3 b6 3. Rf3 Bb7 4. Rf4 Bh6 5. e3 Bxf4 6. exf4 c5 7. h4 c4 8. Rh3 Qc7 9. Nc3 Qxf4 10. b3 cxb3
11. d3 Qe5+ 12. Be2 Qxc3+ 13. Kf1 bxc2 14. Nf3 cxd1=Q+ 15. Bxd1 Qxc1 16. Ne1 Qxd1 17. d4 Ba6+ 18. Kg1 Nf6 19. h5 Ng4
0-1

[Event "THE YOUTH LEAGUE"]
[Site "SchemingMind.com"]
[Date "2005.05.04"]
[Round "-"]
[White "Ashmaster"]
[Black "Kigdalegend"]
[Result "0-1"]
[WhiteCountry "IRL"]
[BlackCountry "GBR"]
[WhiteElo "1246"]
[WhiteRD "69"]
[BlackElo "1210"]
[BlackRD "111"]
[GameID "14443"]

1. c4 h5 2. d4 e6 3. Nc3 e5 4. e3 exd4 5. exd4 d6 6. Qe2+ Ne7 7. Nd5 Qd7 8. Nxe7 Bxe7 9. Bg5 f6 10. Bh4 c5
11. dxc5 dxc5 12. Bg3 Nc6 13. Qd3 Qxd3 14. Bxd3 Nb4 15. Bg6+ Kf8 16. a3 Nc6
0-1

[Event "THE YOUTH LEAGUE"]
[Site "SchemingMind.com"]
[Date "2005.05.04"]
[Round "-"]
[White "Gary"]
[Black "AdamMorris"]
[Result "0-1"]
[WhiteCountry "ENG"]
[BlackCountry "ENG"]
[WhiteElo "1579"]
[WhiteRD "65"]
[BlackElo "1412"]
[BlackRD "76"]
[GameID "14446"]

1. e4 e5 2. Nf3 Nc6 3. Bb5 Bc5 4. O-O d6 5. h3 Bd7 6. c3 Qf6 7. b4 Bb6 8. Bb2 a6 9. Bc4 Qg6 10. Kh1 Bxh3
11. gxh3 Qxe4 12. Qe2 Nf6 13. Qxe4 Nxe4 14. Kg2 O-O-O 15. d3 Nxf2 16. Rxf2 Bxf2 17. Kxf2 f6 18. Nbd2 g5 19. a4 Na7 20. Ne4 Rhf8
21. Be6+ Kb8 22. Bf5 h6 23. Ng3 Nc6 24. Nh2 Ne7 25. Ng4 Ng8 26. Nh5 c6 27. Ke3 d5 28. Rf1 Rd6 29. Bh7 d4+ 30. cxd4 exd4+
31. Bxd4 Re8+ 32. Be4 Red8 33. Bxf6 Nxf6 34. Rxf6 Rd4 35. Rxh6 Rxb4 36. Ne5 Rxa4 37. Rg6 Ra1 38. Rxg5 Re1+ 39. Kf2 Ra1 40. Nf4 Rf8
41. Rf5 Rxf5 42. Bxf5 Ka7= 43. h4 Ra4 44. Be4 Ra5 45. Neg6 b5 46. Bxc6 b4 47. Bd5 Rb5 48. Bb3 Rb8 49. h5 Rb7
0-1

[Event "THE YOUTH LEAGUE"]
[Site "SchemingMind.com"]
[Date "2005.05.04"]
[Round "-"]
[White "Gary"]
[Black "Ashmaster"]
[Result "1-0"]
[WhiteCountry "ENG"]
[BlackCountry "IRL"]
[WhiteElo "1714"]
[WhiteRD "61"]
[BlackElo "1432"]
[BlackRD "65"]
[GameID "14448"]

1. c4 e5 2. g3 f5 3. Bg2 Nf6 4. d3 d6 5. Nc3 Nc6 6. e3 Be6 7. Nge2 Be7 8. O-O Qd7 9. a3 O-O-O 10. b4 a6
11. b5 axb5 12. cxb5 Na7 13. a4 b6 14. Rb1 g6 15. a5 bxa5 16. b6 Nc6 17. b7+ Kb8 18. Qa4 Na7 19. Qxa5 c6 20. Ra1 Qxb7
21. Rb1 Bb3 22. Ba3 Ka8 23. Rb2 Rb8 24. Rfb1
1-0

[Event "THE YOUTH LEAGUE"]
[Site "SchemingMind.com"]
[Date "2005.05.04"]
[Round "-"]
[White "Gary"]
[Black "asperse"]
[Result "1-0"]
[WhiteCountry "ENG"]
[BlackCountry "ENG"]
[WhiteElo "1714"]
[WhiteRD "61"]
[BlackElo "1313"]
[BlackRD "75"]
[GameID "14449"]

1. d4 c5 2. d5 d6 3. c4 Nf6 4. Nc3 Na6 5. Nf3 Bg4 6. e4 Qa5 7. Bd2 Qb4 8. Nb5 Qxb2 9. Bc3 Qxa1 10. Bxa1 Nxe4
11. Bd3 Nf6 12. O-O O-O-O 13. Nxa7+ Kb8 14. Nb5 Nb4 15. Be2 Bf5 16. Qa4 Na6 17. Qa5 Rc8 18. Qb6 Rc7 19. Qa7+ Kc8 20. Qa8+ Kd7
21. Nxc7 Kxc7 22. Bc3 Nb4 23. a3 Nc6 24. dxc6 Kxc6 25. Qa4+ Kc7 26. Qb5 Bd7 27. Ba5+ Kc8 28. Qb6 Kb8 29. Rb1 Bb5 30. Rxb5
1-0

[Event "THE YOUTH LEAGUE"]
[Site "SchemingMind.com"]
[Date "2005.05.04"]
[Round "-"]
[White "Gary"]
[Black "Kigdalegend"]
[Result "1-0"]
[WhiteCountry "ENG"]
[BlackCountry "GBR"]
[WhiteElo "1714"]
[WhiteRD "61"]
[BlackElo "1102"]
[BlackRD "145"]
[GameID "14450"]

1. d4 g6 2. c4 b6 3. Nc3 Ba6 4. e3 d6 5. Nf3 Qd7 6. Bd3 f6 7. O-O Bb7 8. b3 Qg4 9. Be2 Nh6 10. h3 Qf5
11. d5 e6 12. e4 Qh5 13. Ng5 Qh4 14. g3 Qh5 15. Bxh5 gxh5 16. Qxh5+ Kd8 17. Nxe6+ Ke7 18. Bxh6 Rg8 19. Bxf8+ Rxf8 20. Nxf8 Kxf8
21. Rfe1 a5 22. Re3 Na6 23. Rf3 Kg8 24. Rxf6 Rf8 25. Qg5+ Kh8 26. Rxf8#
1-0

[Event "THE YOUTH LEAGUE"]
[Site "SchemingMind.com"]
[Date "2005.05.04"]
[Round "-"]
[White "AdamMorris"]
[Black "Gary"]
[Result "0-1"]
[WhiteCountry "ENG"]
[BlackCountry "ENG"]
[WhiteElo "1348"]
[WhiteRD "82"]
[BlackElo "1714"]
[BlackRD "61"]
[GameID "14451"]

1. d4 f5 2. Nf3 Nf6 3. Bg5 e6 4. g3 Be7 5. Bxf6 Bxf6 6. Bg2 O-O 7. O-O d6 8. c4 Qe8 9. Qb3 Nd7 10. Nc3 Kh8
11. Rfe1 Rb8 12. e4 fxe4 13. Nxe4 c6 14. Nxd6 Qe7 15. Qa3 a6 16. d5 cxd5 17. c5 Rd8 18. Rad1 Nxc5 19. Qxc5 Qxd6 20. Qxd6 Rxd6
21. Nd4 e5 22. Nf5 Bxf5 23. Re2 e4 24. Bxe4 Bxe4 25. Rxe4 dxe4 26. Rxd6 Bxb2 27. Re6 b5 28. Rxa6 h6 29. Kg2 b4 30. f3 e3
31. Kf1 Bc3 32. Ke2 Bd2 33. f4 Rc8 34. Rb6 Rc2 35. h4 Bc1+ 36. Ke1 Rxa2 37. g4 e2 38. g5 Bxf4 39. Kf2 Be3+ 40. Ke1 Bxb6
41. g6 b3 42. h5 Ba5+ 43. Kf2 e1=Q+
0-1

[Event "THE YOUTH LEAGUE"]
[Site "SchemingMind.com"]
[Date "2005.05.04"]
[Round "-"]
[White "frankdizzle"]
[Black "Gary"]
[Result "0-1"]
[WhiteCountry "USA"]
[BlackCountry "ENG"]
[WhiteElo "1114"]
[WhiteRD "124"]
[BlackElo "1694"]
[BlackRD "67"]
[GameID "14452"]

1. h4 e5 2. a4 d5 3. d3 Nf6 4. e4 dxe4 5. dxe4 Qxd1+ 6. Kxd1 Nxe4 7. Rh3 Nxf2+ 8. Ke1 Nxh3 9. gxh3 Be7 10. Nf3 e4
11. Ne5 Bxh4+ 12. Ke2 O-O 13. Ra3 Re8 14. Ng4 Nc6 15. Bf4 Re7 16. Rc3 g5 17. Bh2 f5 18. Nf6+ Kg7 19. Be5 Rxe5 20. Nh5+ Kg6
21. Bg2 Kxh5 22. b3 f4 23. Nd2 f3+ 24. Nxf3 exf3+ 25. Kxf3 Nd4#
0-1

[Event "THE YOUTH LEAGUE"]
[Site "SchemingMind.com"]
[Date "2005.05.04"]
[Round "-"]
[White "Ashmaster"]
[Black "Gary"]
[Result "0-1"]
[WhiteCountry "IRL"]
[BlackCountry "ENG"]
[WhiteElo "1345"]
[WhiteRD "76"]
[BlackElo "1704"]
[BlackRD "63"]
[GameID "14453"]

1. c4 e5 2. Nc3 Nf6 3. a3 Be7 4. d3 O-O 5. Nf3 a5 6. e4 Nc6 7. Be3 d6 8. Be2 Bd7 9. O-O Rb8 10. Rb1 Ne8
11. b4 axb4 12. axb4 Bf6 13. Qd2 Nd4 14. Qb2 c5 15. bxc5 dxc5 16. Bxd4 cxd4 17. Nd5 Nc7 18. Nxc7 Qxc7 19. Qc2 b5 20. Rbc1 Rfc8
21. c5 Be7 22. Qd1 Bxc5 23. Nh4 b4
0-1

[Event "THE YOUTH LEAGUE"]
[Site "SchemingMind.com"]
[Date "2005.05.04"]
[Round "-"]
[White "asperse"]
[Black "Gary"]
[Result "1-0"]
[WhiteCountry "ENG"]
[BlackCountry "ENG"]
[WhiteElo "1368"]
[WhiteRD "74"]
[BlackElo "1628"]
[BlackRD "69"]
[GameID "14454"]

1. e4 c5 2. d4 cxd4 3. Qxd4 Nc6 4. Qe3 Nf6 5. Bb5 d6 6. Nc3 Bd7 7. Nf3 e6 8. O-O Be7 9. Bd2 O-O 10. e5 Ng4
11. Qe4 Ngxe5 12. Bd3 Nxd3 13. cxd3 Rc8 14. Nb5 a6 15. Nbd4 Bf6 16. Nxc6 Bxc6 17. Qe3 Bxb2 18. Rab1 Bf6 19. Ng5 Bxg5 20. Qxg5 Qxg5
21. Bxg5 f6 22. Bf4 e5 23. Be3 Bd5 24. d4 b5 25. dxe5 fxe5 26. a3 Bc4 27. Rfc1 d5 28. Bg5 Rf7 29. f3 h6 30. Bd2= Rfc7
31. Rb2 d4 32. Rbc2 Rc6 33. f4 e4 34. Kf2 e3+ 35. Bxe3 dxe3+ 36. Kxe3 Rd6 37. Rc3 Re8+ 38. Kf3 Rd2 39. a4 Bd5+ 40. Kg3 Rxg2+
41. Kh3 Ree2 42. Rc8+ Kh7 43. R8c7 Rxh2+ 44. Kg3
1-0

[Event "THE YOUTH LEAGUE"]
[Site "SchemingMind.com"]
[Date "2005.05.04"]
[Round "-"]
[White "Kigdalegend"]
[Black "Gary"]
[Result "0-1"]
[WhiteCountry "GBR"]
[BlackCountry "ENG"]
[WhiteElo "1072"]
[WhiteRD "141"]
[BlackElo "1628"]
[BlackRD "69"]
[GameID "14455"]

1. g3 e5 2. b3 Nf6 3. Nc3 Bc5 4. Nh3 O-O 5. f4 exf4 6. gxf4 Ng4 7. e3 Qh4+ 8. Ke2 Re8 9. Rg1 Nxh2 10. d4 Bb4
11. Bb2 Nxf1 12. Qxf1 d6 13. d5 Bg4+ 14. Kd2 Qxh3 15. Qf2 Qf3 16. Qxf3 Bxf3 17. Raf1 Bxd5 18. Ke2 Bc6 19. a3 Bxc3 20. Bxc3 Bb5+
21. Kf2 Bxf1 22. Rxf1 Nc6 23. b4 a6 24. Rh1 Rad8 25. Rg1 g6 26. Bf6 Rd7 27. c3 Re6 28. Bg5 f6 29. Bh6 Rde7
0-1

[Event "THE YOUTH LEAGUE"]
[Site "SchemingMind.com"]
[Date "2005.05.05"]
[Round "-"]
[White "Magnanimous"]
[Black "Gary"]
[Result "0-1"]
[WhiteCountry "CAN"]
[BlackCountry "ENG"]
[WhiteElo "1378"]
[WhiteRD "74"]
[BlackElo "1714"]
[BlackRD "61"]
[GameID "14552"]

1. e4 c5 2. Nf3 d6 3. Bb5+ Bd7 4. Bxd7+ Nxd7 5. b3 Ngf6 6. d3 e6 7. Bb2 Be7 8. Nbd2 O-O 9. Nc4 b5 10. e5 dxe5
11. Ncxe5 Qc7 12. O-O Bd6 13. Nxd7 Nxd7 14. g3 Rfe8 15. Nh4 Be7 16. Qg4 Nf6 17. Qg5 h6 18. Qf4 Qxf4 19. gxf4 Nd5 20. f5 Bxh4
21. fxe6 fxe6 22. Kh1 Rf8 23. Rg1 g5 24. c4 bxc4 25. dxc4 Nf4 26. Rad1 Nh3 27. Rd7 Nxg1 28. Rg7+ Kh8 29. Rxa7+ Kg8 30. Rg7+ Kh8
31. Rxg5+ Kh7 32. Rg7+ Kh8 33. Rxg1+ Kh7 34. Rg7+ Kh8 35. Rg4+ Kh7 36. Rxh4 Rxf2 37. Bc1 Rf1+ 38. Kg2 Rxc1 39. a4 Rc3 40. Rh5 Rg8+
41. Kf2 Rg5 42. Rh4 Rxb3 43. Re4 Rf5+ 44. Kg2 e5
0-1

[Event "THE YOUTH LEAGUE"]
[Site "SchemingMind.com"]
[Date "2005.05.05"]
[Round "-"]
[White "Magnanimous"]
[Black "AdamMorris"]
[Result "1-0"]
[WhiteCountry "CAN"]
[BlackCountry "ENG"]
[WhiteElo "1538"]
[WhiteRD "118"]
[BlackElo "1361"]
[BlackRD "83"]
[GameID "14553"]

1. d4 d5 2. Bf4 Nc6 3. e3 Bf5 4. c4 Nb4 5. Na3 dxc4 6. Qa4+ Qd7 7. Qxb4 Qc6 8. Bxc4 Qxg2 9. Nb5 O-O-O 10. Nxa7+ Kb8
11. Bxc7+ Kxa7 12. Qa4#
1-0

[Event "THE YOUTH LEAGUE"]
[Site "SchemingMind.com"]
[Date "2005.05.05"]
[Round "-"]
[White "Magnanimous"]
[Black "frankdizzle"]
[Result "1-0"]
[WhiteCountry "CAN"]
[BlackCountry "USA"]
[WhiteElo "1378"]
[WhiteRD "74"]
[BlackElo "1117"]
[BlackRD "121"]
[GameID "14554"]

1. f4 e5 2. fxe5 Qh4+ 3. g3 Qe4 4. Nf3 a5 5. d3 Qg6 6. Bg2 Ra6 7. Nh4 Qg5 8. Bxg5 Rg6 9. Nxg6 hxg6 10. O-O Bc5+
11. d4 Bb4 12. c3 Bxc3 13. Nxc3 b6 14. Qb3 d5 15. exd6 Be6 16. Qb5+ Nd7 17. d5 Bg4 18. Qc6 f6 19. Qa8+ Kf7 20. dxc7 Nc5
21. Bf3 Bf5 22. Be4 Nxe4 23. Nxe4
1-0

[Event "THE YOUTH LEAGUE"]
[Site "SchemingMind.com"]
[Date "2005.05.05"]
[Round "-"]
[White "Magnanimous"]
[Black "Ashmaster"]
[Result "1/2-1/2"]
[WhiteCountry "CAN"]
[BlackCountry "IRL"]
[WhiteElo "1538"]
[WhiteRD "118"]
[BlackElo "1345"]
[BlackRD "76"]
[GameID "14555"]

1. e4 c5 2. Nf3 d6 3. Bb5+ Bd7 4. Bxd7+ Qxd7 5. Nc3 Nc6 6. d4 cxd4 7. Nxd4 Nxd4 8. Qxd4 e5 9. Qd3 Nf6 10. Qb5 Qxb5
11. Nxb5 Kd7 12. f3 a6 13. Nc3 b5 14. O-O Rb8 15. b4 d5 16. Rd1 Bxb4 17. Nxd5 Nxd5 18. Rxd5+ Ke6 19. Be3 Rhd8 20. Rad1 Rd6
21. f4 Rxd5 22. exd5+ Kd6 23. fxe5+ Kxe5 24. Bd4+ Kd6 25. Bxg7 Bc5+ 26. Kf1 Rg8 27. Bh6 Rg6 28. Bf4+ Kd7 29. h4 Rg4 30. g3 Bd6
31. Rd4 Bxf4 32. Kg2 Kd6 33. Kf3 Rg6 34. Kxf4 Rf6+ 35. Kg5 Rf2 36. Kh6 Rxc2 37. a4 bxa4 38. Rxa4 Rg2 39. Rxa6+ Kxd5 40. Kxh7= Rxg3
41. h5 f5 42. Ra5+ Ke4 43. h6= f4 44. Ra4+ Ke3 45. Ra7 f3 46. Rg7 Rxg7+= 47. hxg7 f2=
1/2-1/2

[Event "THE YOUTH LEAGUE"]
[Site "SchemingMind.com"]
[Date "2005.05.05"]
[Round "-"]
[White "Magnanimous"]
[Black "asperse"]
[Result "0-1"]
[WhiteCountry "CAN"]
[BlackCountry "ENG"]
[WhiteElo "1378"]
[WhiteRD "74"]
[BlackElo "1313"]
[BlackRD "75"]
[GameID "14556"]

1. d4 f5 2. Nc3 Nf6 3. Bf4 d5 4. e3 e6 5. Nf3 Bb4 6. Qd3 c6 7. a3 Ba5 8. b4 Bc7 9. Bxc7 Qxc7 10. Ne5 Nbd7
11. Nxd7 Bxd7 12. g3 O-O-O 13. Na4 b6 14. c4 dxc4 15. Qxc4 b5 16. Qc5 Ne4 17. Qe7 Rhe8 18. Qxg7 bxa4 19. Ba6+ Kb8 20. Qxh7 Qb6
21. Bd3 Nc3 22. Qg7 Nd5 23. e4 Rg8 24. Qe5+ Kc8 25. exd5 exd5 26. Bxf5 Rde8 27. Bxd7+ Kxd7 28. Qxe8+ Kxe8 29. O-O Qxd4 30. Rfe1+ Kf8
31. Rac1 Kf7 32. Rxc6 Rf8 33. Ree6 Kg7 34. Rg6+ Kh7 35. Rh6+ Kg7 36. Rhg6+ Kf7 37. Rcf6+ Qxf6 38. Rxf6+= Kxf6 39. h4 d4 40. f4 d3
41. Kf2 d2 42. Ke2 Rd8 43. Kd1 Kf5 44. b5 Kg4 45. f5 Kxf5 46. h5 Kg5 47. g4 Kxg4 48. b6 axb6 49. h6 Rh8 50. Kxd2 Rxh6
51. Kc3 Rd6 52. Kb4 Rd4+ 53. Kb5 Rd5+ 54. Kxa4 Ra5+ 55. Kb3 b5 56. Kb4 Ra4+ 57. Kxb5 Rxa3 58. Kb4 Rf3 59. Kc4 Kf4 60. Kd5 Re3
61. Kc5 Re4 62. Kd5 Kf5 63. Kd6 Re5 64. Kd7 Re6 65. Kd8 Kf6 66. Kd7 Kf7 67. Kc7 Ke7 68. Kc8 Rd6 69. Kc7 Ke6 70. Kc8= Rd7
71. Kb8 Kd6 72. Kc8= Kc6 73. Kb8= Rc7 74. Ka8= Rc8+ 75. Ka7= Rd8 76. Ka6 Ra8#
0-1

[Event "THE YOUTH LEAGUE"]
[Site "SchemingMind.com"]
[Date "2005.05.05"]
[Round "-"]
[White "Magnanimous"]
[Black "Kigdalegend"]
[Result "1-0"]
[WhiteCountry "CAN"]
[BlackCountry "GBR"]
[WhiteElo "1538"]
[WhiteRD "118"]
[BlackElo "1197"]
[BlackRD "173"]
[GameID "14557"]

1. c4 e5 2. Nc3 Bc5 3. Nf3 d6 4. d4 Bb4 5. dxe5 Bg4 6. exd6 cxd6 7. Bd2 Qb6 8. Nd5 Qa5 9. Bxb4 Qa6 10. Nc7+ Ke7
11. Nxa6 Nxa6 12. Qxd6+ Ke8 13. Qf8+ Kd7 14. O-O-O+ Ke6 15. Qd6+ Kf5 16. Rd5+ Ke4 17. Ng5#
1-0

[Event "THE YOUTH LEAGUE"]
[Site "SchemingMind.com"]
[Date "2005.05.05"]
[Round "-"]
[White "Gary"]
[Black "Magnanimous"]
[Result "1-0"]
[WhiteCountry "ENG"]
[BlackCountry "CAN"]
[WhiteElo "1704"]
[WhiteRD "63"]
[BlackElo "1538"]
[BlackRD "118"]
[GameID "14559"]

1. e4 e5 2. Nf3 Nc6 3. Bb5 f6 4. O-O d5 5. exd5 Qxd5 6. Nc3 Qf7 7. d4 Qg6 8. d5 Bh3 9. Nh4 a6 10. Nxg6 hxg6
11. dxc6 axb5 12. cxb7 Rb8 13. gxh3 Rxb7 14. Qd3 b4 15. Rd1 Ne7 16. Qd7+ Kf7 17. Nd5 Rxh3 18. Qxh3 f5 19. Qb3 Rb5 20. Nxc7+ Rd5
21. Rxd5 Nxd5 22. Qxd5+ Ke7 23. Bg5#
1-0